La empresa pública española. (Record no. 98775)

MARC details
000 -LEADER
campo de control de longitud fija 00575nam a2200193 i 4500
001 - NÚMERO DE CONTROL
campo de control 98775
003 - IDENTIFICADOR DE NÚMERO DE CONTROL
campo de control ES-MaACL
005 - FECHA Y HORA DE LA ÚLTIMA TRANSACCIÓN
campo de control 20250902064907.0
007 - CAMPO FIJO DE DESCRIPCIÓN FÍSICA--INFORMACIÓN GENERAL
campo de control de longitud fija t|
008 - DATOS DE LONGITUD FIJA--INFORMACIÓN GENERAL
campo de control de longitud fija 051025s1980 sp ||||1| spa d
080 ## - NÚMERO DE LA CLASIFICACIÓN DECIMAL UNIVERSAL
Número de la Clasificación Decimal Universal 338.982.4
245 03 - MENCIÓN DEL TÍTULO
Título La empresa pública española.
260 ## - PUBLICACIÓN, DISTRIBUCIÓN, ETC.
Lugar de publicación, distribución, etc. [Madrid] :
Nombre del editor, distribuidor, etc. Institutos de Estudios Fiscales,
Fecha de publicación, distribución, etc. [1980 ?]
300 ## - DESCRIPCIÓN FÍSICA
Extensión 935 p., 2 h. pleg. ;
Dimensiones 19 cm.
650 14 - PUNTO DE ACCESO ADICIONAL DE MATERIA--TÉRMINO DE MATERIA
Término de materia o nombre geográfico como elemento de entrada Empresas públicas-
Subdivisión geográfica España
9 (RLIN) 12232
710 2# - ENTRADA AGREGADA--NOMBRE DE ENTIDAD CORPORATIVA
Nombre de entidad corporativa o nombre de jurisdicción como elemento de entrada Instituto de Estudios Fiscales (España)
9 (RLIN) 169207
852 ## - LOCALIZACIÓN
Ubicación ES-MaACL
Número de control de estantería L-2158
Sublocalización o colección R.102785
Holdings
Estatus retirado Estado de pérdida Estado de daño No para préstamo Biblioteca de origen Biblioteca actual Ubicación en estantería Fecha de adquisición Fuente de adquisición Total de préstamos Signatura topográfica completa Código de barras Visto por última vez Precio de reemplazo Tipo de ítem Koha
        Biblioteca del Ateneo de Madrid Biblioteca del Ateneo de Madrid Depósito 2 17/01/2008     L-2158 1103130 23/02/2023 23/02/2023 Libro impreso